000 00361nam a2200145Ia 4500
005 20251222143300.0
008 251222s9999||||xx |||||||||||||| ||spa||
020 _a968-16-1248-5
082 _a980.032/G37
100 _aGerbi, Antonello
245 0 _aLa Disputa del Nuevo Mundo:
250 _a2a.ed.
264 _bFondo de Cultura Económica
942 _cLIB
999 _c15294
_d15294